Culture Générale - Série 2581 - Statistiques

Statistiques générales
  • Ce quiz a été pris 101 fois
  • Le résultat moyen est 4 sur 10
Statistiques - réponses
Question Réponse % Correct
Quel est l'intrus ? : étrier-tenaille-marteau-enclume tenaille
93%
Quel est l'emblème de l'équipe de rugby de l'Ecosse ? chardon
72%
Dans quel pays a eu lieu la révolution des oeillets en 1974 ? Portugal
63%
Quels sont les prénom et nom de naissance du boxeur Mohamed Ali ? Cassius Clay
53%
Quel est l'emblème de l'équipe de rugby du Pays de Galles ? poireau
47%
En cuisine, quel objet est appelé cul-de-poule ? 8 lettres commençant par "s" saladier
45%
Complétez le titre du roman de Ray Bradbury (1920-2012) : "Fahrenheit ... 451
34%
Dans quel pays a eu lieu la révolution de velours en 1989 ? Tchécoslovaquie
24%
Quel est le prénom du héros de 11 romans de Jean-François Parot, qui se déroulent principalement à Paris au XVIIIe siècle. Les aventures du héros ont fait l’objet de nombreuses adaptations télévisées. Nicolas
10%
Quel est le prénom de l'épouse de Dom Juan dans la pièce de Molière ? Elvire
3%
Aucun quiz correspondant
Distribution des résultats
% des personnes avec chaque résultat
Percentile par nombre de réponses
Votre historique - résultats
Vous n’avez pas pris ce quiz